00768nam a2200241 a 450000500170000000800410001701000170005802000230007502000260009803500170012403500130014103700090015404000170016308200080018010000180018824500950020626000390030127000490034030000340038950000620042365000200048570000210050519970826110403.2900214r19901970nyuaf | 00| 0 eng  aB-310541-555 a817223578xc195.00 a9788172235789c195.00 aB-310541-555 aB-359013 bGDMK adplbEnglish a883 aBach, Richard aJonathan Livingston Seagull :cby Richard Bach ; photographed by Russell Munsonba story / aUttar PradeshbHarperCollinsc2008 aA-53,Sector 57, NoidabUttar Pradeshe201301 a87 p. :bphotosc23 cm. (pbk) aAccompanied by: Epilogue to the twentieth anniversary ed. aGullsxFiction. aMunson, Russell